The Lord's anointed : (Record no. 6290)
[ view plain ]
| 000 -LEADER | |
|---|---|
| fixed length control field | 01060cam a2200265 a 4500 |
| 001 - CONTROL NUMBER | |
| control field | 1639943 |
| 005 - DATE AND TIME OF LATEST TRANSACTION | |
| control field | 20250605085132.0 |
| 008 - FIXED-LENGTH DATA ELEMENTS--GENERAL INFORMATION | |
| fixed length control field | 960213s1995 enk b 001 0 eng |
| 020 ## - INTERNATIONAL STANDARD BOOK NUMBER | |
| International Standard Book Number | 0853646856 (pbk.) |
| 020 ## - INTERNATIONAL STANDARD BOOK NUMBER | |
| International Standard Book Number | 0801020875 (pbk. : Baker Books) |
| 050 00 - LIBRARY OF CONGRESS CALL NUMBER | |
| Classification number | BS1199.M44 |
| Item number | L67 1995 |
| 082 00 - DEWEY DECIMAL CLASSIFICATION NUMBER | |
| Classification number | 221.6/4 |
| Edition information | 21 |
| 245 04 - TITLE STATEMENT | |
| Title | The Lord's anointed : |
| Remainder of title | interpretation of Old Testament messianic texts / |
| Statement of responsibility, etc. | edited by Philip E. Satterthwaite, Richard S. Hess, and Gordon J. Wenham. |
| 260 ## - PUBLICATION, DISTRIBUTION, ETC. | |
| Place of publication, distribution, etc. | Carlisle, U.K. : |
| Name of publisher, distributor, etc. | Paternoster Press ; |
| Place of publication, distribution, etc. | Grand Rapids, Mich. : |
| Name of publisher, distributor, etc. | Baker Books, |
| Date of publication, distribution, etc. | 1995. |
| 300 ## - PHYSICAL DESCRIPTION | |
| Extent | x, 320 p. ; |
| Dimensions | 23 cm. |
| 440 #0 - SERIES STATEMENT/ADDED ENTRY--TITLE | |
| Title | Tyndale House studies |
| 500 ## - GENERAL NOTE | |
| General note | Some of these papers were given at the 1994 conference of the Tyndale Fellowship Old Testament Study Group. |
| 650 #0 - SUBJECT ADDED ENTRY--TOPICAL TERM | |
| Topical term or geographic name entry element | Messiah |
| General subdivision | Biblical teaching. |
| 650 #0 - SUBJECT ADDED ENTRY--TOPICAL TERM | |
| Topical term or geographic name entry element | Messiah |
| General subdivision | Prophecies. |
| 700 1# - ADDED ENTRY--PERSONAL NAME | |
| Personal name | Satterthwaite, P. E. |
| 700 1# - ADDED ENTRY--PERSONAL NAME | |
| Personal name | Hess, Richard S. |
| 700 1# - ADDED ENTRY--PERSONAL NAME | |
| Personal name | Wenham, Gordon J. |
| 710 2# - ADDED ENTRY--CORPORATE NAME | |
| Corporate name or jurisdiction name as entry element | Tyndale Fellowship for Biblical Research. |
| Subordinate unit | Old Testament Study Group. |
| 942 ## - ADDED ENTRY ELEMENTS (KOHA) | |
| Source of classification or shelving scheme | Library of Congress Classification |
| Koha item type | Books |
| Suppress in OPAC | No |
| 999 ## - | |
| -- | 6290 |
| -- | 6290 |
| Withdrawn status | Lost status | Source of classification or shelving scheme | Damaged status | Not for loan | Collection | Home library | Current library | Shelving location | Date acquired | Total checkouts | Full call number | Barcode | Date last seen | Copy number | Price effective from | Koha item type |
|---|---|---|---|---|---|---|---|---|---|---|---|---|---|---|---|---|
| Library of Congress Classification | Non-fiction | Undergraduate Library (Christ Temple) | Undergraduate Library (Christ Temple) | General stacks | 06/05/2025 | BT235 SAT | ulct00003028 | 06/05/2025 | 1 | 05/31/2025 | Books |